Estadísticas para Países de Europa después de la Segunda Guerra Mundial

Haz click aquí para tomar la prueba!

Estadísticas generales

  • Esta prueba ha sido tomada 1,319 veces
  • La puntuación promedio es 30 de 32

Estadísticas de respuestas

País % Correcto
España
99%
Francia
99%
Portugal
98%
Reino Unido
98%
Italia
98%
Irlanda
97%
Suecia
97%
Islandia
96%
Polonia
96%
Grecia
96%
Finlandia
96%
Suiza
96%
Países Bajos
96%
Noruega
96%
Dinamarca
95%
Bélgica
95%
Austria
94%
Ciudad del Vaticano
93%
Andorra
93%
Unión Soviética
93%
San Marino
91%
Rumania
91%
Albania
91%
Mónaco
91%
Hungría
91%
Yugoslavia
91%
Luxemburgo
90%
Bulgaria
90%
Alemania Oriental
88%
Alemania Occidental
87%
Liechtenstein
86%
Checoslovaquia
85%

Distribución de puntuación

Porcentaje por número respondido

Porcentaje de gente con cada puntuación

Historial de tus puntuaciones

No has tomado esta prueba